000 00551nam a2200169 4500
999 _c4430
_d4430
008 160909b xxu||||| |||| 00| 0 eng d
022 _a2094-8042
082 _aDPer 370.105 M72 Jan-Dec 2012 v. 60-61
100 _914303
_aNicolas, Aurelia T.
243 _aThe modern teacher
245 _aSix powerful tips for beginning writers/
_cAurelia T. Nicolas.
260 _aPhilippines:
_bIn the Grade School, Inc.,
_c©2012.
300 _a v61 n4, page 138;
_c28 cm.
500 _aThe Modern Teacher.
650 0 _914304
_aWriting
942 _2ddc
_cPER